000 00639nam a2200229 a 4500
001 54139
003 BD-RjUL
005 20211209080057.0
008 160211r1976 inua 000 0 eng
035 _a(BD-RjUL)54261
040 _aDLC
_cFM
_dBD-RjUL
_beng
041 _aeng
082 _223
_a621.38152
_bTOS 1976
100 1 _aTomer, Robert B.
_9161634
245 1 0 _a Semiconductor handbook /
_cRobert B Tomer.
250 _a2nd. ed.
260 _aIndianapolis :
_bH. W. Sams,
_cc1961 [Reprint 1976]
300 _a254 p. :
_billus. ;
_c22 cm.
650 0 _aTransistors.
_9117204
650 0 _aSemiconductors.
_9161635
942 _2ddc
_cBK
999 _c54139
_d54139